Digging into the hedge and ditch question (Record no. 59349)
[ view plain ]
| 000 -LEADER | |
|---|---|
| fixed length control field | 01053cab a2200229 4500 |
| 001 - CONTROL NUMBER | |
| control field | ABS60644 |
| 008 - FIXED-LENGTH DATA ELEMENTS--GENERAL INFORMATION | |
| fixed length control field | 090401t1999 xxu||||| |||| 00| 0 eng d |
| 035 ## - SYSTEM CONTROL NUMBER | |
| System control number | (Sirsi) u93639 |
| 041 ## - LANGUAGE CODE | |
| Language code of text/sound track or separate title | eng |
| 100 ## - MAIN ENTRY--PERSONAL NAME | |
| Personal name | Lewison, K. |
| 245 ## - TITLE STATEMENT | |
| Title | Digging into the hedge and ditch question |
| 260 ## - PUBLICATION, DISTRIBUTION, ETC. | |
| Date of publication, distribution, etc. | 1999 |
| 350 ## - PRICE (NR) (BK AM CF MU VM SE) [OBSOLETE] | |
| Price | 0 |
| 490 ## - SERIES STATEMENT | |
| Series statement | Property Week |
| Volume/sequential designation | 64(19) 14 May 1999, 37(1) |
| 520 ## - SUMMARY, ETC. | |
| Summary, etc. | Considers the hedge and ditch presumption with reference to Alan Wibberley v Insley, a case where the HL reversed a CA decision, and held that even where the conveyance is framed with reference to the Ordnance Survey map, the hedge and ditch presumption still applies. Suggests that in the future there may be more emphasis on the title deeds of the person claiming possession, and less attention paid to those of the person in possession. |
| 650 ## - SUBJECT ADDED ENTRY--TOPICAL TERM | |
| Topical term or geographic name entry element | ALAN WIBBERLEY BUILDING LTD V INSLEY |
| 650 ## - SUBJECT ADDED ENTRY--TOPICAL TERM | |
| Topical term or geographic name entry element | Boundary disputes |
| 9 (RLIN) | 6221 |
| 650 ## - SUBJECT ADDED ENTRY--TOPICAL TERM | |
| Topical term or geographic name entry element | HEDGE AND DITCH PRESUMPTION |
| 690 ## - LOCAL SUBJECT ADDED ENTRY--TOPICAL TERM (OCLC, RLIN) | |
| Topical term or geographic name as entry element | HIGHWAYS RIGHTS OF WAY AND EASEMENTS |
| 942 ## - ADDED ENTRY ELEMENTS (KOHA) | |
| Suppress in OPAC | 0 |
| 948 ## - LOCAL PROCESSING INFORMATION (OCLC); SERIES PART DESIGNATOR (RLIN) | |
| c (OCLC) | 28/05/1999 |
| Withdrawn status | Lost status | Source of classification or shelving scheme | Damaged status | Not for loan | Home library | Current library | Shelving location | Date acquired | Total Checkouts | Full call number | Barcode | Date last seen | Copy number | Price effective from | Koha item type |
|---|---|---|---|---|---|---|---|---|---|---|---|---|---|---|---|
| Dewey Decimal Classification | London | London | Journal article | 14/09/1999 | ABS60644 | 93639-1001 | 06/08/2019 | 1 | 06/08/2019 | Journal article |